Історія пані Ївги (Запис № 17277)
[ простий вигляд ]
| 000 -Маркер запису | |
|---|---|
| Контрольне поле сталої довжини | 03242nam a22002537a 4500 |
| 003 - Належність контрольного номера | |
| Контрольне поле | Uzh_bibl |
| 008 - Кодовані дані | |
| Контрольне поле сталої довжини | 260408b |||||||| |||| 00| 0 ukr d |
| 020 ## - Індекс ISBN | |
| ISBN | 5-301-00828-5 |
| Ціна | 3.20 |
| 040 ## - Джерело каталогіз. | |
| Служба первин.кат. | укр. |
| 041 ## - Код мови видання | |
| Код мови оригіналу | українська |
| Код мови тексту | українська |
| 080 ## - Індекс УДК | |
| Індекс УДК | 821(477) |
| 090 ## - Шифри | |
| Поличний індекс | 821(477) |
| Авторський знак | П 32 |
| 100 ## - Автор | |
| Автор | Підмогильний, Валер'ян |
| 245 ## - Назва | |
| Назва | Історія пані Ївги |
| Відповідальність | Упоряд. та автор передм. і приміт. В.Є Коцюк; худож. О.В. Набока |
| Фізичний носій | Текст |
| 260 ## - Вихідні дані | |
| Місце видання | Київ |
| Видавництво | Веселка |
| Дата видання | 1991 |
| 300 ## - Фізичний опис | |
| Обсяг | 173 с. |
| Ілл./тип відтвор. | іл. |
| 520 ## - Анотація | |
| Анотація | В оповіданні Валер’ян Підмогильний реалістично відтворив складну ситуацію взаємин старої інтеліґенції й нового ладу в перші пореволюційні роки.З 1905 року, коли селяни вбили в маєткові її чоловіка, пані Ївга Нарчевська перебралась до міста.<br/>Смерть чоловіка її не так вжахнула, як здивувала. Село стало їй незрозуміле, а селяни то й зовсім. Тридцять років прожила пані Ївга на селі — і весь час селяни здавались їй надзвичайно лагідні. Принаймні такими вона бачила їх, коли вони приходили з якимсь проханням. І раптом дике збурення, палії, руїна і нагла чоловікова смерть.<br/><br/>Пані Ївга покинула маєток і оселилась в місті — найняла невеличку кімнатку на тихій вулиці, нікуди не виїздила, нікого не приймала, тільки гуляла часом сама ввечері, а вдень читала книги. Обідати їй носили з їдальні.<br/>А в маєткові лишився син Андрій. Він був на батька похожий — так само упертий і певний. Його не здивувало село — він приїхав на другий день, як батька вбито, і вже не покидав маєтку. Почав буряки сіяти, цукроварню поставив, свині розвів, молочарню — інтенсивне господарство, казав він.<br/>Матері висилав гроші, а то й сам заїздив вряди-годи. |
| 521 ## - Примітка про цільове призначення | |
| Примітка про цільове призначення | Для середнього та старшого шкільного віку |
| 546 ## - Примітка про мову | |
| Примітка про мову | укр. |
| 650 ## - Тематичні рубрики | |
| Основна рубрика | Літературно-художнє видання |
| Хронологічна підрубрика | Початок ХХ століття, доба суспільних змін і трансформацій |
| Географічна підрубрика | Україна, переважно міське середовище |
| 653 ## - Ключові слова | |
| Ключові слова | Любов |
| -- | Самотність |
| -- | Мораль |
| -- | Почуття |
| -- | Життя |
| 655 ## - Термін індексування — жанр/форма | |
| Жанр/форма | Оповідання (психологічна проза) |
| Типове ділення | Оповідання. Повість |
| 942 ## - ADDED ENTRY ELEMENTS (KOHA) | |
| Джерело класифікації чи схема поличного розташування | |
| Koha item type | Книги |
| Статус вилучення | Статус втрати/відсутності | Джерело класифікації чи схема поличного розташування | Статус пошкодження | Тип обігу (не для випозичання) | Постійне розташування | Поточне розташування | Розташування у відділі | Дата надходження | Інвентарний номер | Total Checkouts | Повний (примірниковий) шифр зберігання | Штрих-код | Date last seen | Дата, для якої чинна ціна заміни | Тип одиниці (рівень примірника) |
|---|---|---|---|---|---|---|---|---|---|---|---|---|---|---|---|
| Публічна бібліотека | Публічна бібліотека | Абонемент | 08/04/2026 | 42552 | 821(477) | 20131 | 08/04/2026 | 08/04/2026 | Книги |